Witamy w Bibliotece Naukowej Instytutu Łączności!

Relaksacija naprjazenij v metallach i splavach / (Rekord nr 4074)

000 -LEADER
fixed length control field 00413 a2200121 4500
100 1# - MAIN ENTRY--PERSONAL NAME
Personal name Borzdyka, A.M..
Relator term Autor
245 0# - TITLE STATEMENT
Title Relaksacija naprjazenij v metallach i splavach /
Statement of responsibility, etc Borzdyka A.M., Gecov L.B..
260 ## - PUBLICATION, DISTRIBUTION, ETC. (IMPRINT)
Place of publication, distribution, etc Moskva :
Name of publisher, distributor, etc Metallurgija,
Date of publication, distribution, etc 1972.
300 ## - PHYSICAL DESCRIPTION
Extent 303 s.;
Dimensions 24 cm.
490 1# - SERIES STATEMENT
Series statement Monographies d'Informatique
700 1# - ADDED ENTRY--PERSONAL NAME
Personal name Gecov, L.B..
Relator term Autor
710 2# - ADDED ENTRY--CORPORATE NAME
Corporate name or jurisdiction name as entry element Metallurgija.
Relator term Wydawca
Relator code pbl
830 #0 - SERIES ADDED ENTRY--UNIFORM TITLE
Uniform title Monographies d'Informatique

Brak dostępnych egzemplarzy.

Działa dzięki Koha